000 00560nam a2200217 a 4500
001 0001-2160
003 ELIB.Books
008 190725 2010 eng
020 _a0816423415
092 _a230
_bFer
100 _aFerm, Deane William.
245 _aContemporary American Theologies
260 _aNew York
_bHapper & Row, Publishers
_c1981
300 _a182
_c21cm
520 _aTheology
856 _nKBTS Library
_uKBTS Elib
942 _2ddc
_cBK
990 _a1
998 _aEnglishbooks.elf
_ccat
_e2019-07-25
999 _c12160
_d12160